| 000 | 00450nam a22001697a 4500 | ||
|---|---|---|---|
| 003 | OSt | ||
| 005 | 20211025110249.0 | ||
| 008 | 211025b |||||||| |||| 00| 0 eng d | ||
| 020 | _a0-7506-5564-x | ||
| 040 |
_addc _cHU |
||
| 082 |
_21ST _a613.7 _b1 |
||
| 100 |
_aREFSHAUGE KATHRYN _915276 |
||
| 245 | _aSCIENCE-BASED REHABILITATION THEORIES INTO PRACTICE | ||
| 250 | _a1ST | ||
| 260 |
_aEDINBURGH _bBUTTERWORTH HELNMANN _c2005 |
||
| 942 |
_2ddc _cBOOKS _n0 |
||
| 999 |
_c14637 _d14637 |
||